000 00364nam a22001457a 4500
003 MACL
005 20170822132718.0
008 170822b xxu||||| |||| 00| 0 eng d
040 _cMACL
100 _aEditor
_968753
245 _aThe Hindu Speaks on Religious Values
260 _aChenni
_bKasturi & Son Ltd
_c2017
650 _aEducation
_968754
942 _2ddc
_cBK
999 _c56882
_d56882